Qābis, (Record no. 46199)
[ view plain ]
| 000 -LEADER | |
|---|---|
| fixed length control field | 00793cam a22002411 4500 |
| 001 - CONTROL NUMBER | |
| control field | ne 63001688 |
| 003 - CONTROL NUMBER IDENTIFIER | |
| control field | DLC |
| 005 - DATE AND TIME OF LATEST TRANSACTION | |
| control field | 20260227111749.0 |
| 008 - FIXED-LENGTH DATA ELEMENTS--GENERAL INFORMATION | |
| fixed length control field | 900718s1962 ua ab b 000 0 ararc |
| 010 ## - LIBRARY OF CONGRESS CONTROL NUMBER | |
| LC control number | ne 63001688 |
| 025 ## - OVERSEAS ACQUISITION NUMBER | |
| Overseas acquisition number | PL480:UAR-2941 |
| 035 ## - SYSTEM CONTROL NUMBER | |
| System control number | (OCoLC)22096546 |
| 040 ## - CATALOGING SOURCE | |
| Original cataloging agency | Princeton Univ. Libr |
| Transcribing agency | WaU |
| Modifying agency | WaU |
| -- | DLC |
| 042 ## - AUTHENTICATION CODE | |
| Authentication code | premarc |
| 043 ## - GEOGRAPHIC AREA CODE | |
| Geographic area code | f-ti--- |
| 050 00 - LIBRARY OF CONGRESS CALL NUMBER | |
| Classification number | DT269.G3 |
| Item number | M3 |
| 100 1# - MAIN ENTRY--PERSONAL NAME | |
| Personal name | Marzūqī, Muḥammad. |
| 245 10 - TITLE STATEMENT | |
| Title | Qābis, |
| Remainder of title | jannat al-dunyā, ghābatuhā, khalījuhā, madīnatuhā, sukkānuhā, tārīkhuhā, rijāluhā. |
| Statement of responsibility, etc. | [Tal̓īf] Muḥammad al-Marzūqī. |
| 260 ## - PUBLICATION, DISTRIBUTION, ETC. | |
| Place of publication, distribution, etc. | Miṣr, |
| Name of publisher, distributor, etc. | Maktabat al-Khānjī |
| Date of publication, distribution, etc. | [1962] |
| 300 ## - PHYSICAL DESCRIPTION | |
| Extent | 12, 308 p. |
| Other physical details | illus., fold. maps. |
| Dimensions | 24 cm. |
| 504 ## - BIBLIOGRAPHY, ETC. NOTE | |
| Bibliography, etc. note | Bibliography: p.[281]-283. |
| 651 #0 - SUBJECT ADDED ENTRY--GEOGRAPHIC NAME | |
| Geographic name | Qābis (Tunisia) |
| General subdivision | History. |
No items available.